Normal view
MARC view
Entry Topical Term
001 - CONTROL NUMBER
- control field: 9180
003 - CONTROL NUMBER IDENTIFIER
- control field: ARRUPE
005 - DATE AND TIME OF LATEST TRANSACTION
- control field: 20140319140745.0
008 - FIXED-LENGTH DATA ELEMENTS
- fixed length control field: 140319|| aca||aabn | a|a d
040 ## - CATALOGING SOURCE
- Original cataloging agency: ARRUPE
- Transcribing agency: ARRUPE
150 ## - HEADING--TOPICAL TERM
- Topical term or geographic name as entry element: Emotions (Philosophy)
670 ## - SOURCE DATA FOUND
- Source citation: Work cat.: (ARRUPE)0: Greenspan, Patricia S., 1944- 9179, Emotions & reasons :, 1988.